Ricostruisci la Carriera del Calciatore - Giovanni Simeone - Statistics

Statistiche generali
  • Questo quiz è stato fatto 7 volte
  • Il punteggio medio è 4 su 7
Statistiche sulle risposte
Hint Risposta % Corretto
2019-2021 Cagliari
75%
2017-2019 Fiorentina
75%
2022- Napoli
75%
2021-2022 Verona
75%
2015-2016 Banfield
50%
2013-2015 River Plate
50%
2016-2017 Genoa
25%
Nessun quiz corrispondente trovato
Distribuzione punteggi
Percentuale di utenti per punteggio
Percentile per numero di risposta
I tuoi punteggi nel tempo
Non hai fatto questo quiz